=LDR 00000nam 2200000 4500 =001 INLIS000000000030652 =005 20160618114149.0 =006 =007 =008 ind =035 ##$$0010-061300000030652 =041 ##$$a ind =082 ##$$a 2x4.12 =090 ##$$a 2x4.12, Sya, k =100 ##$$a Syadzi, Khalid Abu =245 ##$$a Karena khusyuk begitu indah, meraih shalat peniuh makna dan berpahala, Khalid Abu Syadzi; penerjemah, Arif Rahman Hakim; editor,Binta Puji Rahayu =260 ##$$a 2007 $b Sukoharjo =300 ##$$a 188 hlm., 21 cm =650 ##$$a Shalat - Khusuk =850 ##$$a NBPNMAT